| 000 | 007840000a22001930004500 | ||
|---|---|---|---|
| 090 | _aSERIADAS | ||
| 245 | 1 | 0 | _aComposición y riqueza de escarabajos coprófagos (Coleoptera: Scarabaeidae: Scarabaeinae) en un gradiente altitudinal de selva húmeda tropical del Parque Nacional Natural Catatumbo-Barí (Norte de Santander), Colombia |
| 044 | _aColombia | ||
| 041 | 0 | _aEspañol | |
| 690 |
_aBosque húmedo tropical _93501 |
||
| 690 |
_aGradientes altitudinales _993938 |
||
| 690 |
_aInventarios de insectos _993273 |
||
| 690 |
_aDistribución geográfica _992997 |
||
| 651 | 4 |
_dNorte de Santander _992749 |
|
| 700 | 1 |
_aAmat García, Germán D. _999811 |
|
| 100 | 1 |
_aEsparza León, Andrea C. _9100616 |
|
| 942 | _cARTICULO | ||
| 773 | 1 |
_tActualidades biológicas _h87 _q181-192 _d2007 _g29 |
|
| 999 |
_c16334 _d16334 |
||